| 000 | nam a22 a 4500 | ||
|---|---|---|---|
| 999 |
_c1397 _d1397 |
||
| 005 | 20170509125713.0 | ||
| 008 | 170509s1980 -us || |||1 ||eng d | ||
| 020 | _a0316775355 | ||
| 040 | _aAKMAL | ||
| 082 | _a301.1 SCH | ||
| 090 |
_a301.1 _bSCH |
||
| 100 | 1 |
_aSchuster, Clara Shaw. _92748 |
|
| 245 | 1 | 4 |
_aThe process of human development _ba holistic approach _cClara Shaw Schuster, Shirley Smith Ashburn. |
| 260 |
_a Boston _b Little, Brown _c1980 |
||
| 300 |
_axxx,960p _c25cm. |
||
| 700 | 1 |
_a Ashburn, Shirley Smith. _92749 |
|
| 852 | 4 | 1 |
_a British Library _b DSC |
| 852 | 4 | 1 |
_aBritish Library _b HMNTS |
| 942 |
_2ddc _cBOOK |
||